Alle erzgebirgischen Fußballvereine nach Liga - Statistiken

Allgemein
  • Dieses Quiz wurde 36 mal gespielt
  • Das Durchschnittsergebnis liegt bei 7 aus 101
Antwortstatistiken
Liga Verein % Korrekt
3. Liga FC Erzgebirge Aue
100%
Landesklasse West VfB Annaberg 09
42%
Erzgebirgssparkassen-Liga (KOL) VfB Annaberg 09 2
42%
Landesklasse West FC Concordia Schneeberg
38%
Landesklasse West FC Stollberg
38%
Sachsenliga FC 1910 Lößnitz
35%
Erzgebirgssparkassen-Liga (KOL) FSV Blau-Weiss Schwarzenberg
35%
NOFV-Oberliga Süd FSV Motor Marienberg
35%
Erzgebirgssparkassen-Liga (KOL) FSV Motor Marienberg 2
35%
Landesklasse West SV Tanne Thalheim
31%
Erzgebirgssparkassen-Liga (KOL) Oelsnitzer FC
27%
Erzgebirgssparkassen-Liga (KOL) FV Blau-Weiß Königswalde
23%
Erzgebirgssparkassen-Liga (KOL) FV Krokusblüte Drebach/Falkenbach
19%
Landesklasse West SV Auerhammer
19%
Erzgebirgssparkassen-Liga (KOL) SV Mittweidatal 06 Raschau-Markersbach
19%
Erzgebirgssparkassen-Liga (KOL) BSV Eintracht Zschopautal
15%
Erzgebirgssparkassen-Liga (KOL) ESV Zschorlau
15%
Erzgebirgssparkassen-Liga (KOL) FSV Burkhardtsdorf
15%
Erzgebirgssparkassen-Liga (KOL) FSV Sosa
15%
Sparkassen-Kreisliga West Lauterer SV Viktoria
15%
Erzgebirgssparkassen-Liga (KOL) SV Großrückerswalde
15%
Sparkassen-Kreisliga Ost ATSV Gebirge-Gelobtland
12%
Sparkassen-Kreisliga West FSV Zwönitz
12%
Erzgebirgssparkassen-Liga (KOL) SV 1990 Tirol Dittmannsdorf/W.
12%
Sparkassen-Kreisliga West SV Affalter
8%
Sparkassen-Kreisliga Ost SV Olbernhau
8%
Sparkassen-Kreisliga Ost BSG Motor Zschopau
4%
2. Kreisklasse Ost BSG Motor Zschopau 2
4%
1. Kreisklasse Ost ESV Buchholz
4%
Sparkassen-Kreisliga West FC Stollberg 2
4%
1. Kreisklasse Ost FSV Pockau-Lengefeld
4%
1. Kreisklasse Ost FV Amtsberg
4%
Erzgebirgssparkassen-Liga (KOL) Neustädtler SV
4%
1. Kreisklasse Ost SG Auerbach/Hormersdorf
4%
Sparkassen-Kreisliga West SpG Mitteldorf/Neuwürschnitz
4%
Sparkassen-Kreisliga Ost SV Neudorf
4%
1. Kreisklasse Ost TSV Brünlos
4%
Sparkassen-Kreisliga West TSV Elektronik Gornsdorf
4%
Sparkassen-Kreisliga Ost TSV Geyer
4%
Sparkassen-Kreisliga Ost VfB Zöblitz
4%
Sparkassen-Kreisliga Ost BSV Gelenau
0%
1. Kreisklasse West Eibenstocker BSC
0%
1. Kreisklasse Ost ESV Eintracht Thum-Herold
0%
2. Kreisklasse West ESV Zschorlau 2
0%
Sparkassen-Kreisliga West FC 1910 Lößnitz 2
0%
Sparkassen-Kreisliga Ost FC Greifenstein 04 Ehrenfriedersdorf
0%
2. Kreisklasse Ost FC Greifenstein 04 Ehrenfriedersdorf 2
0%
1. Kreisklasse West FC Schönheide
0%
2. Kreisklasse Ost FSV 95 Scharfenstein-Großolbersdorf
0%
1. Kreisklasse West FSV Blau-Weiss Schwarzenberg 2
0%
1. Kreisklasse West FSV Eintracht Schlema
0%
2. Kreisklasse West FSV "Glück Auf" Johanngeorgenstadt e. V.
0%
2. Kreisklasse West FSV Hohndorf
0%
Sparkassen-Kreisliga Ost FSV Krumhermersdorf
0%
1. Kreisklasse Ost FSV Krumhermersdorf 2
0%
Sparkassen-Kreisliga Ost FV Krokusblüte Drebach/Falkenbach 2
0%
1. Kreisklasse West Neustädtler SV 2
0%
1. Kreisklasse West Oelsnitzer FC 2
0%
1. Kreisklasse West SC Teutonia Bockau
0%
1. Kreisklasse Ost SG 47 Wolkenstein
0%
1. Kreisklasse West SG Breitenbrunn
0%
2. Kreisklasse West SpG Burkhardtsgrün/Sosa 2/Lindenau 2
0%
2. Kreisklasse West SpG Grünhain-Beierfeld 2/Waschleithe
0%
1. Kreisklasse West SpG Grünstädtel/Raschau-Markersbach 2
0%
1. Kreisklasse Ost SpG Heidersdorf/Olbernhau 2
0%
2. Kreisklasse Ost SpG Hilmersdorf/Wolkenstein 2
0%
2. Kreisklasse West SpG Jahnsdorf/Burkhardtsdorf 2
0%
Sparkassen-Kreisliga Ost SpG Mildenau/Königswalde 2
0%
2. Kreisklasse West SpG Neuwelt/Langenberg
0%
2. Kreisklasse West SpG Niederdorf/Niederwürschnitz 2
0%
2. Kreisklasse Ost SpG Pfaffroda/Sayda 2
0%
2. Kreisklasse Ost SpG Preßnitztal/Arnsfeld
0%
2. Kreisklasse Ost SpG Satzung/Gebirge-Gelobtland 2
0%
1. Kreisklasse Ost SpG Sehmtal/Schlettau 2
0%
2. Kreisklasse Ost SpG Tannenberg/Zwönitz 2/Geyer 2
0%
Sparkassen-Kreisliga Ost SpVgg Neundorf/Th. Wiesenbad
0%
1. Kreisklasse Ost SSV Wildenstein
0%
2. Kreisklasse West SV Affalter 2
0%
1. Kreisklasse West SV Auerhammer 2
0%
2. Kreisklasse West SV Blau-Weiß Albernau
0%
Sparkassen-Kreisliga West SV Blau-Weiß Crottendorf
0%
2. Kreisklasse Ost SV Blau-Weiß Crottendorf 2
0%
Sparkassen-Kreisliga West SV Eintracht Bermsgrün
0%
2. Kreisklasse West SV Eintracht Bermsgrün 2
0%
2. Kreisklasse West SV Eintracht Ursprung
0%
1. Kreisklasse West SV Eisen Erla-Crandorf
0%
1. Kreisklasse Ost SV Elterlein-Schwarzbach
0%
Sparkassen-Kreisliga West SV Fortuna Niederwürschnitz
0%
Sparkassen-Kreisliga Ost SV Germania Gornau
0%
1. Kreisklasse Ost SV Großrückerswalde 2
0%
Sparkassen-Kreisliga Ost SV Lauterbach
0%
1. Kreisklasse West SV Lindenau
0%
2. Kreisklasse Ost SV Neudorf 2
0%
Sparkassen-Kreisliga West SV Saxonia Bernsbach
0%
Sparkassen-Kreisliga West SV Tanne Thalheim 2
0%
1. Kreisklasse West SV Wismut Erlabrunn
0%
Sparkassen-Kreisliga West TSV 1864 Schlettau
0%
1. Kreisklasse Ost TSV 1872 Pobershau
0%
1. Kreisklasse West TSV 57 Beutha
0%
2. Kreisklasse Ost TSV Elektronik Gornsdorf 2
0%
Sparkassen-Kreisliga West VfB Grünhain-Beierfeld
0%
Keine übereinstimmenden Quizze gefunden
Verteilung der Resultate
Anzahl Personen mit jedem Resultat
Perzentil nach korrekt beantworteten Fragen
Ihre Resultats-Entwicklung
Sie haben dieses Quiz noch nicht gespielt